Most Populous Host Cities of the Winter Olympics - Statistics

General Stats
  • This quiz has been taken 73 times
  • The average score is 5 of 8
Answer Stats
Population Winter Host City % Correct
20,500,000 Beijing
92%
2,575,000 Salt Lake City
77%
2,950,000 Vancouver
77%
1,220,000 Oslo
70%
1,600,000 Turin
62%
1,520,000 Calgary
58%
6,150,000 Milan
45%
2,500,000 Sapporo
44%
No matching quizzes found
Score Distribution
Percent of People with Each Score
Percentile by Number Answered
Your Score History
You have not taken this quiz